[Event "SUI-chT"]
[Site "Switzerland"]
[Date "2023.08.26"]
[Round "6.6"]
[White "Fend, Juergen"]
[Black "Ballmann, Martin"]
[Result "1/2-1/2"]
[WhiteElo "2250"]
[BlackElo "2348"]
[PlyCount "74"]
[EventDate "2023.04.16"]
[EventType "team-tourn"]
[EventRounds "9"]
[EventCountry "SUI"]
[SourceTitle "EXT 2024"]
[Source "ChessBase"]
[SourceDate "2023.10.10"]
[SourceVersion "1"]
[SourceVersionDate "2023.10.10"]
[SourceQuality "1"]
[WhiteTeam "Wollishofen"]
[BlackTeam "Winterthur"]
[WhiteTeamCountry "SUI"]
[BlackTeamCountry "SUI"]

1. d4 e6 2. g3 c5 3. Nf3 b6 4. d5 exd5 5. Qxd5 Nc6 6. Ne5 Qf6 7. Nxc6 dxc6 8. Qe4+ Ne7 9. Bg2 g6 10. h4 h6 11. Nc3 Bg7 12. g4 Qe6 13. g5 hxg5 14. hxg5 Rxh1+ 15. Bxh1 Bxc3+ 16. bxc3 Qxe4 17. Bxe4 Bf5 18. Bd3 0-0-0 19. c4 Bxd3 20. cxd3 Rh8 21. Bb2 Rh1+ 22. Kd2 Rh2 23. Rf1 Nf5 24. Be5 Rg2 25. Bf4 Nd4 26. Be3 Ne6 27. Rh1 Nxg5 28. Ke1 Kd7 29. Kf1 Rg4 30. f3 Rg3 31. Rh4 Nh3 32. Rh8 a5 33. Rb8 Kc7 34. Rf8 f5 35. Rf7+ Kc8 36. Rf6 Kb7 37. Rf7+ Kc8 1/2-1/2

[Event "SUI-chT"]
[Site "Switzerland"]
[Date "2023.05.14"]
[Round "4.5"]
[White "Sigfusson, Sigurdur Dadi"]
[Black "Ballmann, Martin"]
[Result "1-0"]
[WhiteElo "2266"]
[BlackElo "2348"]
[PlyCount "69"]
[EventDate "2023.04.16"]
[EventType "team-tourn"]
[EventRounds "9"]
[EventCountry "SUI"]
[SourceTitle "EXT 2024"]
[Source "ChessBase"]
[SourceDate "2023.10.10"]
[SourceVersion "1"]
[SourceVersionDate "2023.10.10"]
[SourceQuality "1"]
[WhiteTeam "Reti"]
[BlackTeam "Winterthur"]
[WhiteTeamCountry "SUI"]
[BlackTeamCountry "SUI"]

1. e4 e6 2. d4 d5 3. Nc3 Bb4 4. e5 Ne7 5. a3 Bxc3+ 6. bxc3 c5 7. Nf3 b6 8. Bb5+ Kf8 9. Bd3 Ba6 10. h4 h6 11. h5 Qc8 12. 0-0 cxd4 13. cxd4 Bxd3 14. cxd3 Nbc6 15. Be3 Kg8 16. g4 Kh7 17. Nh4 f5 18. Rc1 Qd7 19. Ng2 Rhc8 20. Qf3 Nd8 21. g5 hxg5 22. Bxg5 Nf7 23. Qg3 Nc6 24. Be3 Nh8 25. Nf4 Ne7 26. Kh2 Rxc1 27. Rxc1 Rg8 28. Rg1 Nf7 29. Ng6 Qe8 30. Qh4 Nc6 31. Rc1 Qd7 32. f3 Ncd8 33. Rg1 Re8 34. Qg3 Rg8 35. Nf8+ 1-0

[Event "SUI-chT"]
[Site "Switzerland"]
[Date "2023.04.16"]
[Round "1.5"]
[White "Sedina, Elena"]
[Black "Ballmann, Martin"]
[Result "0-1"]
[WhiteElo "2280"]
[BlackElo "2323"]
[PlyCount "194"]
[EventDate "2023.04.16"]
[EventType "team-tourn"]
[EventRounds "9"]
[EventCountry "SUI"]
[SourceTitle "CBM 213 Extra"]
[Source "ChessBase"]
[SourceDate "2023.05.31"]
[SourceVersion "1"]
[SourceVersionDate "2023.05.31"]
[SourceQuality "1"]
[WhiteTeam "Mendrisio"]
[BlackTeam "Winterthur"]
[WhiteTeamCountry "SUI"]
[BlackTeamCountry "SUI"]

1. e4 e6 2. d4 d5 3. e5 c5 4. c3 Nc6 5. Nf3 Bd7 6. Be2 Nge7 7. Na3 Nf5 8. Nc2 cxd4 9. cxd4 Be7 10. 0-0 Qb6 11. Bd3 h6 12. b4 a5 13. g4 Nh4 14. Nxh4 Bxh4 15. b5 Nb4 16. a4 Be7 17. Nxb4 Bxb4 18. Bb2 0-0-0 19. Rc1+ Kb8 20. f4 Rc8 21. Qe2 Qd8 22. Rxc8+ Bxc8 23. Kg2 Bd7 24. h3 Qe7 25. Rc1 f6 26. Qc2 Rc8 27. Qd1 Rxc1 28. Qxc1 f5 29. Qc2 fxg4 30. hxg4 Qh4 31. Be2 Be1 32. Bd1 b6 33. Bc1 Qg3+ 34. Kf1 Bc3 35. Qf2 Qd3+ 36. Qe2 Qh3+ 37. Qg2 Qxg2+ 38. Kxg2 Bxd4 39. Kf3 Bc3 40. Bc2 Be8 41. Be3 g6 42. Bb3 Kc8 43. Bc1 Bf7 44. Bc2 Bd4 45. Bd3 Kd7 46. Bd2 Ke8 47. Be1 Kf8 48. Bf2 Bxf2 49. Kxf2 g5 50. fxg5 Kg7 51. Bc2 Bg6 52. Bb3 Bb1 53. Ke3 Kg6 54. Kf4 h5 55. gxh5+ Kxh5 56. Bd1+ Kg6 57. Bg4 Kf7 58. Bh5+ Bg6 59. Bd1 Bf5 60. Bb3 Kg6 61. Bd1 d4 62. Bb3 d3 63. Bd1 d2 64. Bb3 Bb1 65. Bd1 Bf5 66. Bb3 Kh5 67. Bd1+ Kh4 68. Bb3 Bb1 69. g6 Bxg6 70. Ke3 Kg5 71. Kxd2 Kf5 72. Bc2+ Kg5 73. Bb3 Kf4 74. Bxe6 Kxe5 75. Bc4 Kd4 76. Be2 Be4 77. Bf1 Bf3 78. Bd3 Bd1 79. Bf1 Bxa4 80. Be2 Kc5 81. Kc3 Bxb5 82. Bg4 Bc4 83. Bd7 Bd5 84. Be8 Bc6 85. Bh5 b5 86. Bd1 b4+ 87. Kb2 a4 88. Ka2 Bd5+ 89. Ka1 a3 90. Kb1 Kc4 91. Ka1 Kc3 92. Bc2 Bf3 93. Ba4 Be4 94. Bb3 Bc2 95. Ba2 Ba4 96. Be6 Bb5 97. Bf5 b3 0-1

[Event "SUI-chT"]
[Site "Switzerland"]
[Date "2022.11.13"]
[Round "9.5"]
[White "Asllani, Dorian"]
[Black "Ballmann, Martin"]
[Result "1/2-1/2"]
[WhiteElo "2116"]
[BlackElo "2336"]
[PlyCount "134"]
[EventDate "2022.05.01"]
[EventType "team-tourn"]
[EventRounds "9"]
[EventCountry "SUI"]
[SourceTitle "EXT 2024"]
[Source "ChessBase"]
[SourceDate "2023.10.10"]
[SourceVersion "1"]
[SourceVersionDate "2023.10.10"]
[SourceQuality "1"]
[WhiteTeam "Nyon"]
[BlackTeam "Winterthur"]
[WhiteTeamCountry "SUI"]
[BlackTeamCountry "SUI"]

1. d4 e6 2. c4 Nf6 3. Nc3 Bb4 4. Qc2 d6 5. e3 Nbd7 6. Nf3 0-0 7. Bd3 e5 8. 0-0 Bxc3 9. bxc3 Re8 10. e4 Nf8 11. h3 N6d7 12. Be3 c5 13. d5 h6 14. Rfe1 Ng6 15. Qd2 Qf6 16. Nh2 Ndf8 17. Be2 Nf4 18. Bg4 N8g6 19. Bxc8 Raxc8 20. Bxf4 Nxf4 21. Qe3 Qg6 22. Qg3 Kh7 23. Qxg6+ Kxg6 24. Rab1 Rc7 25. h4 Kh7 26. g3 Ng6 27. Nf1 Ne7 28. Ne3 g6 29. Ng4 Ng8 30. Ne3 h5 31. f3 Nh6 32. g4 hxg4 33. fxg4 f5 34. exf5 gxf5 35. gxf5 Rg8+ 36. Kf2 Ng4+ 37. Kf3 Nxe3 38. Kxe3 Rg3+ 39. Kd2 Rg4 40. Kd3 Rf7 41. a4 b6 42. Rg1 Rxg1 43. Rxg1 Rxf5 44. a5 bxa5 45. Ra1 Rf3+ 46. Kd2 Kg6 47. Rxa5 Rf7 48. Ra6 Rd7 49. Rc6 Kh5 50. Rc8 Kxh4 51. Rg8 Kh5 52. Kd3 Kh6 53. Ke4 Kh7 54. Re8 Kg6 55. Rg8+ Kf6 56. Rf8+ Rf7 57. Rd8 Ke7 58. Ra8 Rf4+ 59. Kd3 Rf3+ 60. Kd2 Rf2+ 61. Ke3 Ra2 62. Ke4 Kd7 63. Kf5 Kc7 64. Kf6 Ra6 65. Kf5 Kb7 66. Rd8 Rb6 67. Rd7+ Kb8 1/2-1/2

[Event "SUI-chT"]
[Site "Switzerland"]
[Date "2022.09.17"]
[Round "6.6"]
[White "Hakimifard, Ghazal"]
[Black "Ballmann, Martin"]
[Result "1/2-1/2"]
[WhiteElo "2288"]
[BlackElo "2312"]
[PlyCount "74"]
[EventDate "2022.05.01"]
[EventType "team-tourn"]
[EventRounds "9"]
[EventCountry "SUI"]
[SourceTitle "EXT 2023"]
[Source "ChessBase"]
[SourceDate "2022.10.05"]
[SourceVersion "1"]
[SourceVersionDate "2022.10.05"]
[SourceQuality "1"]
[WhiteTeam "Luzern"]
[BlackTeam "Winterthur"]
[WhiteTeamCountry "SUI"]
[BlackTeamCountry "SUI"]

1. e4 e6 2. d4 d5 3. Nd2 c5 4. exd5 Qxd5 5. Ngf3 cxd4 6. Bc4 Qd7 7. 0-0 Nc6 8. Nb3 Nf6 9. Nbxd4 Nxd4 10. Nxd4 a6 11. Re1 Bc5 12. c3 b5 13. Bb3 Bxd4 14. cxd4 Bb7 15. Bf4 Qc6 16. f3 Nd5 17. Be5 0-0 18. Qd2 f6 19. Bg3 Rfe8 20. Qa5 Nb6 21. a4 Nc4 22. Qc3 Rac8 23. Rac1 Qb6 24. Bf2 Qd6 25. axb5 axb5 26. Bc2 Bd5 27. Qd3 g6 28. Bh4 Qf4 29. Bg3 Qd2 30. b3 Qxd3 31. Bxd3 Nd2 32. Bxb5 Rxc1 33. Bxe8 Nxb3 34. Rxc1 Nxc1 35. Kf2 Nb3 36. Ke3 Na5 37. Bc7 Nc6 1/2-1/2

[Event "SUI-chT"]
[Site "Switzerland"]
[Date "2019.09.08"]
[Round "7.4"]
[White "Ballmann, Martin"]
[Black "Flueckiger, Thomas"]
[Result "0-1"]
[WhiteElo "2361"]
[BlackElo "2215"]
[PlyCount "122"]
[EventDate "2019.03.10"]
[EventType "team-tourn"]
[EventRounds "9"]
[EventCountry "SUI"]
[SourceTitle "EXT 2020"]
[Source "ChessBase"]
[SourceDate "2019.10.17"]
[SourceVersion "1"]
[SourceVersionDate "2019.10.17"]
[SourceQuality "1"]
[WhiteTeam "Winterthur"]
[BlackTeam "Solothurn"]
[WhiteTeamCountry "SUI"]
[BlackTeamCountry "SUI"]

1. Nf3 f5 2. d4 Nf6 3. Bg5 e6 4. Nbd2 Be7 5. c3 0-0 6. Bxf6 Bxf6 7. e4 d5 8. e5 Be7 9. Bd3 c5 10. dxc5 Bxc5 11. Nb3 Be7 12. h3 Nc6 13. g4 a5 14. gxf5 exf5 15. Nbd4 Nxd4 16. cxd4 Qb6 17. Qb3 Qxb3 18. axb3 Bd7 19. 0-0 Rfc8 20. Kg2 Rc6 21. Rfc1 Bd8 22. Rxc6 bxc6 23. b4 a4 24. Ne1 Be7 25. Nc2 Kf7 26. f4 h6 27. Kg3 g6 28. Kf3 Ra7 29. Ke2 Rb7 30. Kd2 Bxb4+ 31. Nxb4 Rxb4 32. Kc3 Rb3+ 33. Kc2 Rb4 34. Kc3 c5 35. dxc5 Rxf4 36. b4 axb3 37. Ra6 Rf3 38. c6 b2 39. Kxb2 Bxc6 40. Bc2 Bb5 41. Rf6+ Kg7 42. Rb6 Bc4 43. Ba4 Re3 44. Re6 f4 45. Be8 g5 46. Bh5 Rb3+ 47. Kc2 Rb7 48. Kc3 Bf1 49. Rg6+ Kh7 50. Rf6 Bxh3 51. Kd4 Bg2 52. Kc5 Be4 53. Rd6 Rc7+ 54. Rc6 Rxc6+ 55. Kxc6 f3 56. e6 f2 57. e7 f1Q 58. e8Q Qa6+ 59. Kc5 Qa7+ 60. Kd6 Qg7 61. Bg4 Qg6+ 0-1

[Event "SUI-ch HT 119th"]
[Site "Leukerbad"]
[Date "2019.07.18"]
[Round "8"]
[White "Ballmann, Martin"]
[Black "Aeschbach, Philipp"]
[Result "0-1"]
[WhiteElo "2353"]
[BlackElo "2286"]
[PlyCount "70"]
[EventDate "2019.07.11"]
[EventType "swiss"]
[EventRounds "9"]
[EventCountry "SUI"]
[SourceTitle "EXT 2020"]
[Source "ChessBase"]
[SourceDate "2019.10.17"]
[SourceVersion "1"]
[SourceVersionDate "2019.10.17"]
[SourceQuality "1"]

1. Nf3 d5 2. b3 Nf6 3. Bb2 c5 4. e3 Nc6 5. Bb5 Bd7 6. 0-0 e6 7. d3 Be7 8. Nbd2 a6 9. Bxc6 Bxc6 10. Ne5 Qc7 11. f4 0-0 12. Rf3 Rfd8 13. Rh3 Be8 14. g4 g6 15. g5 Nh5 16. Rxh5 gxh5 17. Qxh5 d4 18. Ne4 f5 19. g6 Bxg6 20. Nxg6 fxe4 21. Ne5 Bf6 22. Ng4 Bg7 23. dxe4 Qf7 24. Qg5 Qg6 25. h4 Qxg5 26. hxg5 dxe3 27. Bxg7 Kxg7 28. Nxe3 Rd4 29. Kf2 Rxe4 30. Kf3 Rd4 31. c3 Rd3 32. Ke4 Rad8 33. Rh1 Rxc3 34. Ng4 Rg3 35. Rh4 Rd5 0-1

[Event "SUI-ch HT 119th"]
[Site "Leukerbad"]
[Date "2019.07.15"]
[Round "5"]
[White "Pavlovic, Milos"]
[Black "Ballmann, Martin"]
[Result "1-0"]
[WhiteElo "2501"]
[BlackElo "2353"]
[PlyCount "55"]
[EventDate "2019.07.11"]
[EventType "swiss"]
[EventRounds "9"]
[EventCountry "SUI"]
[SourceTitle "EXT 2020"]
[Source "ChessBase"]
[SourceDate "2019.10.17"]
[SourceVersion "1"]
[SourceVersionDate "2019.10.17"]
[SourceQuality "1"]

1. d4 Nf6 2. Nf3 b6 3. e3 Bb7 4. Bd3 e6 5. 0-0 c5 6. c4 Be7 7. Nc3 cxd4 8. exd4 d5 9. cxd5 Nxd5 10. Ne5 0-0 11. Qg4 f5 12. Qe2 Bf6 13. Bc4 Re8 14. Rd1 a6 15. Qh5 Re7 16. Bg5 b5 17. Bxf6 gxf6 18. Bxd5 Bxd5 19. Nd3 Qd6 20. Nxd5 Qxd5 21. Nf4 Qd6 22. Qf3 Raa7 23. d5 e5 24. Ne6 f4 25. Rac1 Re8 26. g3 fxg3 27. Qxf6 gxf2+ 28. Kxf2 1-0

[Event "SUI-chT"]
[Site "Switzerland"]
[Date "2019.05.04"]
[Round "3.5"]
[White "Ballmann, Martin"]
[Black "Martins, David Pires Tavares"]
[Result "0-1"]
[WhiteElo "2361"]
[BlackElo "2420"]
[PlyCount "94"]
[EventDate "2019.03.10"]
[EventType "team-tourn"]
[EventRounds "9"]
[EventCountry "SUI"]
[SourceTitle "CBM 190 Extra"]
[Source "ChessBase"]
[SourceDate "2019.07.15"]
[SourceVersion "1"]
[SourceVersionDate "2019.07.15"]
[SourceQuality "1"]
[WhiteTeam "Winterthur"]
[BlackTeam "Reti"]
[WhiteTeamCountry "SUI"]
[BlackTeamCountry "SUI"]

1. d4 d6 2. c3 Nf6 3. Bg5 Nbd7 4. Nd2 h6 5. Bh4 g6 6. e4 Bg7 7. Ngf3 0-0 8. Bd3 e5 9. 0-0 c6 10. Re1 Qc7 11. Bf1 Re8 12. Qc2 Nh5 13. Rad1 Nf8 14. dxe5 dxe5 15. Nc4 Bg4 16. Be2 Nf4 17. Ne3 Nxe2+ 18. Qxe2 Be6 19. Qc2 a5 20. a4 Nd7 21. Nd2 Nc5 22. f3 Bf8 23. Bg3 Red8 24. Ndc4 f6 25. Rxd8 Rxd8 26. Rd1 b5 27. axb5 cxb5 28. Rxd8 Qxd8 29. Na3 Qd3 30. Qxd3 Nxd3 31. b4 axb4 32. cxb4 Bxb4 33. Nxb5 Bc5 34. Bf2 Nxf2 35. Kxf2 Bc4 36. Nd6 Ba6 37. Ne8 f5 38. exf5 gxf5 39. Nf6+ Kg7 40. Nd7 Bd4 41. Nxe5 f4 42. N5g4 h5 43. g3 hxg4 44. gxf4 g3+ 45. hxg3 Kf6 46. g4 Bc4 47. g5+ Kg6 0-1

[Event "SUI-chT"]
[Site "Switzerland"]
[Date "2018.10.27"]
[Round "8.6"]
[White "Burri, Quentin"]
[Black "Ballmann, Martin"]
[Result "1/2-1/2"]
[WhiteElo "2322"]
[BlackElo "2393"]
[PlyCount "141"]
[EventDate "2018.03.25"]
[EventType "team-tourn"]
[EventRounds "9"]
[EventCountry "SUI"]
[SourceTitle "CBM 187 Extra"]
[Source "ChessBase"]
[SourceDate "2018.11.04"]
[SourceVersion "1"]
[SourceVersionDate "2018.11.04"]
[SourceQuality "1"]
[WhiteTeam "Geneve"]
[BlackTeam "Winterthur"]
[WhiteTeamCountry "SUI"]
[BlackTeamCountry "SUI"]

1. e4 c5 2. Nf3 d6 3. d4 cxd4 4. Nxd4 Nf6 5. Nc3 a6 6. Be3 e5 7. Nb3 Be6 8. h3 Nbd7 9. g4 Nb6 10. g5 Nfd7 11. Qd2 Rc8 12. 0-0-0 Be7 13. Kb1 0-0 14. h4 Bg4 15. Re1 Bh5 16. Bh3 Nc4 17. Qd3 b5 18. Bc1 Rc6 19. Ne2 Bxe2 20. Qxe2 Ndb6 21. Reg1 d5 22. h5 Na4 23. Rg3 d4 24. g6 fxg6 25. hxg6 hxg6 26. Bg4 Rff6 27. Rgh3 Qd6 28. Re1 Qc7 29. f4 Bb4 30. Rf1 Ne3 31. Bxe3 dxe3 32. Rxe3 Rxf4 33. Rd1 Rcf6 34. Nc1 Rf2 35. Qd3 Nb6 36. Qb3+ Nc4 37. Be2 Bf8 38. Rc3 Rc6 39. a4 Rh2 40. axb5 axb5 41. Qxb5 Na3+ 42. Rxa3 Bxa3 43. Qb3+ Kh7 44. Qxa3 Rxc2 45. Qb3 Rc6 46. Qg3 Rh6 47. Nb3 Rd6 48. Rc1 Rc6 49. Rd1 Rd6 50. Rf1 Rf6 51. Rc1 Rc6 52. Re1 Rd6 53. Qc3 Qxc3 54. bxc3 Rc6 55. Kc2 Rh3 56. c4 Rb6 57. Rb1 Rh2 58. Nc1 Rxb1 59. Kxb1 Kg8 60. Kc2 Kf7 61. c5 g5 62. Kd3 Rh4 63. Ke3 Rh3+ 64. Kf2 Rc3 65. Nd3 Kf6 66. Ke3 Rc2 67. Bd1 Rc4 68. Bg4 Rc3 69. Bd7 Ke7 70. Bf5 Kf6 71. Bg4 1/2-1/2

[Event "SUI-chT"]
[Site "Switzerland"]
[Date "2018.09.09"]
[Round "7.8"]
[White "Haag, Gregor"]
[Black "Ballmann, Martin"]
[Result "1-0"]
[WhiteElo "2293"]
[BlackElo "2393"]
[PlyCount "115"]
[EventDate "2018.03.25"]
[EventType "team-tourn"]
[EventRounds "9"]
[EventCountry "SUI"]
[SourceTitle "EXT 2019"]
[Source "ChessBase"]
[SourceDate "2018.10.10"]
[SourceVersion "1"]
[SourceVersionDate "2018.10.10"]
[SourceQuality "1"]
[WhiteTeam "Riehen"]
[BlackTeam "Winterthur"]
[WhiteTeamCountry "SUI"]
[BlackTeamCountry "SUI"]

1. d4 Nf6 2. c4 e6 3. Nf3 b6 4. g3 Ba6 5. Qa4 Bb7 6. Bg2 c5 7. dxc5 Bxc5 8. 0-0 0-0 9. Nc3 Ne4 10. Qc2 Nxc3 11. Qxc3 d5 12. Bg5 Be7 13. Bxe7 Qxe7 14. cxd5 Bxd5 15. Rac1 Na6 16. Ne5 Bxg2 17. Kxg2 Qb7+ 18. Qc6 Rab8 19. Rfd1 Nb4 20. Qxb7 Rxb7 21. Rd7 Rxd7 22. Nxd7 Nxa2 23. Ra1 Rd8 24. Ne5 Nb4 25. Rxa7 f6 26. Nd7 b5 27. Rb7 Nc2 28. Nc5 Rd6 29. Rxb5 Ne1+ 30. Kf1 Rd1 31. Nxe6 Kf7 32. Nc5 Nc2+ 33. Kg2 Ne1+ 34. Kf1 Nc2+ 35. Kg2 Ne1+ 36. Kh3 g5 37. Rb7+ Kg6 38. g4 Rd2 39. Ne6 f5 40. Nf8+ Kf6 41. Nxh7+ Kg6 42. Nf8+ Kf6 43. Nd7+ Ke6 44. Nc5+ Kf6 45. Rb6+ Ke5 46. gxf5 Kxf5 47. e4+ Ke5 48. Re6+ Kf4 49. Rf6+ Ke5 50. Re6+ Kf4 51. Rf6+ Ke5 52. Rf5+ Kd6 53. b4 Rb2 54. e5+ Ke7 55. e6 Rxb4 56. Rf7+ Ke8 57. Nd7 Kd8 58. Nf6 1-0

[Event "SUI-chT"]
[Site "Switzerland"]
[Date "2018.07.01"]
[Round "5.8"]
[White "Cavadini, Sergio"]
[Black "Ballmann, Martin"]
[Result "0-1"]
[WhiteElo "1621"]
[BlackElo "2393"]
[PlyCount "94"]
[EventDate "2018.03.25"]
[EventType "team-tourn"]
[EventRounds "9"]
[EventCountry "SUI"]
[SourceTitle "EXT 2019"]
[Source "ChessBase"]
[SourceDate "2018.10.10"]
[SourceVersion "1"]
[SourceVersionDate "2018.10.10"]
[SourceQuality "1"]
[WhiteTeam "Mendrisio"]
[BlackTeam "Winterthur"]
[WhiteTeamCountry "SUI"]
[BlackTeamCountry "SUI"]

1. e4 c5 2. c4 Nc6 3. f4 g6 4. Nc3 Bg7 5. Nf3 d6 6. d3 Bg4 7. Be2 e6 8. 0-0 Nge7 9. a3 0-0 10. Rb1 d5 11. h3 Bxf3 12. Bxf3 dxc4 13. dxc4 Qd4+ 14. Qxd4 Bxd4+ 15. Kh2 Na5 16. Nb5 Nxc4 17. Nxd4 cxd4 18. Be2 Rac8 19. Bd3 Na5 20. Bd2 Nb3 21. Bb4 Nc5 22. Kg3 a5 23. Bxc5 Rxc5 24. Rfc1 Rfc8 25. Rxc5 Rxc5 26. a4 g5 27. fxg5 Rxg5+ 28. Kf3 Ng6 29. Bf1 Rc5 30. Bd3 h5 31. Rd1 Kg7 32. g3 Kf6 33. h4 Ne5+ 34. Ke2 Rc8 35. Rf1+ Ke7 36. Rb1 Rg8 37. Rg1 Kd6 38. Bb5 Rg4 39. Bd3 Nxd3 40. Kxd3 Ke5 41. Kc4 Rxe4 42. Kb5 Re2 43. g4 Rxb2+ 44. Kxa5 hxg4 45. h5 f5 46. Rh1 g3 47. h6 Rh2 0-1

[Event "SUI-chT"]
[Site "Switzerland"]
[Date "2018.06.10"]
[Round "4.8"]
[White "Ballmann, Martin"]
[Black "Umbach, Andreas"]
[Result "1/2-1/2"]
[WhiteElo "2393"]
[BlackElo "2292"]
[PlyCount "50"]
[EventDate "2018.03.25"]
[EventType "team-tourn"]
[EventRounds "9"]
[EventCountry "SUI"]
[SourceTitle "EXT 2019"]
[Source "ChessBase"]
[SourceDate "2018.10.10"]
[SourceVersion "1"]
[SourceVersionDate "2018.10.10"]
[SourceQuality "1"]
[WhiteTeam "Winterthur"]
[BlackTeam "Wollishofen"]
[WhiteTeamCountry "SUI"]
[BlackTeamCountry "SUI"]

1. d4 Nf6 2. Bf4 g6 3. e3 Bg7 4. Nf3 0-0 5. Be2 d6 6. h3 c5 7. 0-0 Nbd7 8. Nbd2 Re8 9. Bh2 a6 10. Re1 b5 11. a4 Rb8 12. axb5 axb5 13. dxc5 Nxc5 14. Nd4 Bd7 15. Bf3 Qc7 16. Ne2 Rec8 17. b3 Bc6 18. Bxc6 Qxc6 19. Nd4 Qd7 20. Ra5 Nd5 21. Nb1 Ne4 22. Qd3 Nc5 23. Qd1 Ne4 24. Qd3 Nc5 25. Qd1 Ne4 1/2-1/2

[Event "SUI-chT"]
[Site "Switzerland"]
[Date "2017.10.14"]
[Round "8.5"]
[White "Ballmann, Martin"]
[Black "Froewis, Georg"]
[Result "1/2-1/2"]
[WhiteElo "2393"]
[BlackElo "2441"]
[PlyCount "82"]
[EventDate "2017.03.19"]
[EventType "team-swiss"]
[EventRounds "9"]
[EventCountry "SUI"]
[SourceTitle "EXT 2019"]
[Source "ChessBase"]
[SourceDate "2018.10.10"]
[SourceVersion "1"]
[SourceVersionDate "2018.10.10"]
[SourceQuality "1"]
[WhiteTeam "Winterthur"]
[BlackTeam "Luzern"]
[WhiteTeamCountry "SUI"]
[BlackTeamCountry "SUI"]

1. d4 d5 2. Bf4 Nf6 3. e3 c5 4. c3 Nc6 5. Nf3 Qb6 6. Qb3 c4 7. Qc2 Bf5 8. Qc1 e6 9. h3 Be7 10. Nbd2 0-0 11. Be2 Rfc8 12. 0-0 Qd8 13. Ne5 h6 14. Re1 b5 15. Bf3 b4 16. Ndxc4 bxc3 17. bxc3 Nxe5 18. Nxe5 Bd6 19. c4 Bxe5 20. Bxe5 Rxc4 21. Bxf6 gxf6 22. Qa3 Qf8 23. Qxf8+ Kxf8 24. Rec1 Rac8 25. Rxc4 Rxc4 26. Bd1 Bd3 27. Bb3 Rc3 28. g4 a5 29. Kg2 Bb5 30. Rb1 Bd3 31. Rb2 Rc1 32. Ba4 Ra1 33. Rb8+ Kg7 34. Bb3 a4 35. Bxa4 Rxa2 36. Bd1 Be4+ 37. Bf3 f5 38. Bxe4 fxe4 39. Rb7 Rc2 40. Kg3 Ra2 41. Rc7 Rb2 1/2-1/2

[Event "SUI-chT"]
[Site "Switzerland"]
[Date "2017.05.14"]
[Round "4.5"]
[White "Ballmann, Martin"]
[Black "Wagner, Christian"]
[Result "1-0"]
[WhiteElo "2393"]
[BlackElo "2264"]
[PlyCount "89"]
[EventDate "2017.03.19"]
[EventType "team-swiss"]
[EventRounds "9"]
[EventCountry "SUI"]
[SourceTitle "EXT 2018"]
[Source "ChessBase"]
[SourceDate "2017.10.13"]
[SourceVersion "1"]
[SourceVersionDate "2017.10.13"]
[SourceQuality "1"]
[WhiteTeam "Winterthur"]
[BlackTeam "Reti"]
[WhiteTeamCountry "SUI"]
[BlackTeamCountry "SUI"]

1. d4 c5 2. c3 cxd4 3. cxd4 g6 4. Nc3 Bg7 5. Nf3 d6 6. Bf4 Nf6 7. h3 0-0 8. e3 a6 9. Be2 b5 10. 0-0 Bb7 11. Nd2 Nbd7 12. Bf3 Qb6 13. Bg5 Rac8 14. Nde4 Nxe4 15. Bxe4 Bxe4 16. Nxe4 d5 17. Bxe7 dxe4 18. Bxf8 Nxf8 19. Rc1 Rd8 20. Rc3 g5 21. Qh5 Qf6 22. Rfc1 Ne6 23. Rc8 Bf8 24. Qg4 Rxc8 25. Rxc8 Qg6 26. Rc6 f5 27. Qd1 Qf7 28. Qb3 Nd8 29. Qxf7+ Nxf7 30. Rxa6 Kg7 31. Kf1 Nd6 32. Rb6 Kf7 33. b3 Ke6 34. a4 bxa4 35. bxa4 Kd7 36. Rb8 Bg7 37. a5 Kc7 38. Rb1 Nc8 39. a6 Bf6 40. Rb7+ Kc6 41. d5+ Kxd5 42. Rxh7 Be5 43. a7 Nxa7 44. Rxa7 Ke6 45. Ke2 1-0

[Event "Zuerich Chess Challenge op 6th"]
[Site "Zuerich"]
[Date "2017.04.16"]
[Round "5"]
[White "Zhigalko, Andrey"]
[Black "Ballmann, Martin"]
[Result "1-0"]
[WhiteElo "2577"]
[BlackElo "2395"]
[PlyCount "59"]
[EventDate "2017.04.13"]
[EventType "swiss"]
[EventRounds "9"]
[EventCountry "SUI"]
[SourceTitle "CBM 177 Extra"]
[Source "ChessBase"]
[SourceDate "2017.04.27"]
[SourceVersion "1"]
[SourceVersionDate "2017.04.27"]
[SourceQuality "1"]

1. d4 g6 2. c4 Bg7 3. Nc3 d6 4. Nf3 Nf6 5. e4 0-0 6. Be2 a6 7. 0-0 Bg4 8. Bg5 Nfd7 9. d5 Nc5 10. h3 Bxf3 11. Bxf3 a5 12. Qd2 a4 13. Rab1 c6 14. Rfe1 Re8 15. Bh6 Bf6 16. Bg4 Qb6 17. Kh1 Qb4 18. f4 Qxc4 19. e5 dxe5 20. fxe5 Bg7 21. Rbc1 Bxh6 22. Qxh6 Nd3 23. Ne4 Qxe4 24. Rxe4 Nf2+ 25. Kh2 Nxe4 26. Rf1 Rf8 27. Rf4 cxd5 28. Bf5 Re8 29. Rh4 e6 30. Bxg6 1-0

[Event "SUI-chT"]
[Site "Switzerland"]
[Date "2017.04.09"]
[Round "2.4"]
[White "Hauser, Roland"]
[Black "Ballmann, Martin"]
[Result "0-1"]
[WhiteElo "2130"]
[BlackElo "2393"]
[PlyCount "100"]
[EventDate "2017.03.19"]
[EventType "team-swiss"]
[EventRounds "9"]
[EventCountry "SUI"]
[SourceTitle "EXT 2018"]
[Source "ChessBase"]
[SourceDate "2017.10.13"]
[SourceVersion "1"]
[SourceVersionDate "2017.10.13"]
[SourceQuality "1"]
[WhiteTeam "Neuchatel"]
[BlackTeam "Winterthur"]
[WhiteTeamCountry "SUI"]
[BlackTeamCountry "SUI"]

1. d4 Nf6 2. Bg5 e6 3. Nd2 c5 4. e3 cxd4 5. exd4 Be7 6. Ngf3 b6 7. Bd3 Bb7 8. 0-0 d6 9. Re1 Nbd7 10. Qe2 0-0 11. Rad1 a6 12. a4 Re8 13. Ne4 Nxe4 14. Bxe7 Qxe7 15. Bxe4 Bxe4 16. Qxe4 d5 17. Qd3 Qb4 18. Ra1 Rec8 19. Reb1 b5 20. c3 Qc4 21. Qd1 h6 22. Rc1 Nb6 23. Ne5 Qc7 24. axb5 axb5 25. Qb3 Nc4 26. Nd3 Nd2 27. Qd1 Ne4 28. f3 Nd6 29. Nc5 Qc6 30. Nd3 Nc4 31. Qe1 Rxa1 32. Rxa1 Ra8 33. Nb4 Qb7 34. Qb1 Rxa1 35. Qxa1 Qe7 36. b3 Ne3 37. Qe1 Nf5 38. Qd2 Qa7 39. Qa2 Qc7 40. Qd2 h5 41. Nd3 h4 42. Qe1 Qa7 43. g3 hxg3 44. hxg3 Qa2 45. Nc5 Ne7 46. Qf1 Qd2 47. Qxb5 Nf5 48. Qe8+ Kh7 49. Qxf7 Qe1+ 50. Kg2 Ne3+ 0-1

[Event "SUI-chT"]
[Site "Switzerland"]
[Date "2017.03.19"]
[Round "1.7"]
[White "Ballmann, Martin"]
[Black "Fend, Juergen"]
[Result "1-0"]
[WhiteElo "2393"]
[BlackElo "2260"]
[PlyCount "81"]
[EventDate "2017.03.19"]
[EventType "team-swiss"]
[EventRounds "9"]
[EventCountry "SUI"]
[SourceTitle "EXT 2018"]
[Source "ChessBase"]
[SourceDate "2017.10.13"]
[SourceVersion "1"]
[SourceVersionDate "2017.10.13"]
[SourceQuality "1"]
[WhiteTeam "Winterthur"]
[BlackTeam "Wollishofen"]
[WhiteTeamCountry "SUI"]
[BlackTeamCountry "SUI"]

1. d4 d5 2. Bf4 Nf6 3. e3 e6 4. Nd2 c5 5. c3 Nc6 6. Ngf3 a6 7. Bd3 Bd6 8. Bg3 cxd4 9. exd4 Nh5 10. Bxd6 Qxd6 11. g3 Nf6 12. 0-0 0-0 13. Re1 Nd7 14. Qe2 b6 15. Ne5 Ncxe5 16. dxe5 Qe7 17. Nb3 Bb7 18. Nd4 Nc5 19. Rad1 Rac8 20. Qh5 g6 21. Qe2 Kg7 22. h4 b5 23. a3 Ne4 24. Kg2 Qc7 25. f3 Nc5 26. h5 Qe7 27. Qe3 g5 28. h6+ Kh8 29. Bc2 Rg8 30. g4 Nd7 31. Ne2 Nf8 32. Ng3 a5 33. b4 axb4 34. axb4 Rc4 35. Rd4 Ng6 36. Bxg6 Rxg6 37. Rxc4 dxc4 38. Ra1 Rg8 39. Ra7 Ra8 40. Ne4 Rd8 41. Rxb7 1-0